000 00559cab a2200181 4500
001 WB2627-06
008 090401t1990 xxu||||| |||| 00| 0 eng d
035 _a(Sirsi) u9381
041 _aeng
245 _aRents in Scotland
260 _c1990
350 _a0
490 _aGlasgow Herald
_v11/7/90 p14
520 _aThe cost of office space in Edinburgh and Glasgow , which is on a level with the South-east of England, may be pricing Scotland out of the relocation market.
690 _aPROPERTY-COMMERCIAL PROPERTY
942 _n0
948 _c04/03/1997
999 _c5852
_d5852